| 000 | 00494nam a2200157 4500 | ||
|---|---|---|---|
| 999 |
_c12574 _d12574 |
||
| 008 | 240224b ||||| |||| 00| 0 eng d | ||
| 040 | _aBMS College of Architecture | ||
| 100 | _a Jyothishmann | ||
| 245 | _aSolitude,Hill resort | ||
| 300 | _a44p, | ||
| 500 | _a1CF19AT043 | ||
| 502 |
_8B.Arch. _NBMS College of Architecture, Visvesvaraya Technological University (VTU) _aProject report _d2023 |
||
| 700 |
_aMukesh G Kotak _eGuide |
||
| 710 |
_aAnn Innocent Joseph _aGuide |
||
| 942 |
_2ddc _cTHE |
||